Die Gesundheitsfürsorge im Strafvollzug unter besonderer Berücksichtigung der Gefangenen im freien Beschäftigungsverhältnis
| 1. VerfasserIn: | |
|---|---|
| Medienart: | Druck Buch |
| Sprache: | Deutsch |
| Veröffentlicht: |
Frankfurt am Main Berlin [u.a.]
Lang
1992
|
| In: |
Europäische Hochschulschriften (1254)
Jahr: 1992 |
| Online-Zugang: |
Inhaltsverzeichnis |
| Bestand in Tübingen: | In Tübingen vorhanden. IFK: F V 229 |
| Verfügbarkeit prüfen: | HBZ Gateway |
| Subito Bestelldienst: | Jetzt bestellen. |
| Schlagwörter: |
MARC
| LEADER | 00000cam a22000002c 4500 | ||
|---|---|---|---|
| 001 | 271843799 | ||
| 003 | DE-627 | ||
| 005 | 20220512120133.0 | ||
| 007 | tu | ||
| 008 | 990101s1992 xx ||||| m 00| ||ger c | ||
| 020 | |a 3631451016 |9 3-631-45101-6 | ||
| 035 | |a (DE-627)271843799 | ||
| 035 | |a (DE-576)034086854 | ||
| 035 | |a (DE-599)GBV271843799 | ||
| 035 | |a (OCoLC)246672520 | ||
| 035 | |a (OCoLC)31816392 | ||
| 035 | |a (DE-604)805568579x | ||
| 040 | |a DE-627 |b ger |c DE-627 |e rakwb | ||
| 041 | |a ger | ||
| 084 | |a PH 5320 |2 rvk |0 (DE-625)rvk/136201: | ||
| 084 | |a 86.37 |2 bkl | ||
| 084 | |a 44.14 |2 bkl | ||
| 100 | 1 | |a Savigny, Michael von |4 aut | |
| 245 | 1 | 4 | |a Die Gesundheitsfürsorge im Strafvollzug unter besonderer Berücksichtigung der Gefangenen im freien Beschäftigungsverhältnis |c Michael von Savigny |
| 264 | 1 | |a Frankfurt am Main |a Berlin [u.a.] |b Lang |c 1992 | |
| 300 | |a 277 S. | ||
| 336 | |a Text |b txt |2 rdacontent | ||
| 337 | |a ohne Hilfsmittel zu benutzen |b n |2 rdamedia | ||
| 338 | |a Band |b nc |2 rdacarrier | ||
| 490 | 1 | |a Europäische Hochschulschriften |a Reihe 2, Rechtswissenschaft = Droit = Law |v 1254 | |
| 502 | |a Zugl.: Frankfurt (Main), Univ., Diss., 1992 | ||
| 655 | 7 | |a Hochschulschrift |0 (DE-588)4113937-9 |0 (DE-627)105825778 |0 (DE-576)209480580 |2 gnd-content | |
| 689 | 0 | 0 | |d s |0 (DE-588)4057788-0 |0 (DE-627)104540796 |0 (DE-576)209123710 |a Strafgefangener |2 gnd |
| 689 | 0 | 1 | |d s |0 (DE-588)4136585-9 |0 (DE-627)104180625 |0 (DE-576)209670444 |a Gesundheitsfürsorge |2 gnd |
| 689 | 0 | |5 DE-101 | |
| 689 | 1 | 0 | |d s |0 (DE-588)4057788-0 |0 (DE-627)104540796 |0 (DE-576)209123710 |a Strafgefangener |2 gnd |
| 689 | 1 | 1 | |d s |0 (DE-588)4310595-6 |0 (DE-627)124246400 |0 (DE-576)211127418 |a Freigang |2 gnd |
| 689 | 1 | 2 | |d s |0 (DE-588)4071796-3 |0 (DE-627)106096923 |0 (DE-576)209184949 |a Gesetzliche Krankenversicherung |2 gnd |
| 689 | 1 | |5 DE-101 | |
| 689 | 2 | 0 | |d s |0 (DE-588)4136585-9 |0 (DE-627)104180625 |0 (DE-576)209670444 |a Gesundheitsfürsorge |2 gnd |
| 689 | 2 | 1 | |d s |0 (DE-588)4057808-2 |0 (DE-627)106149415 |0 (DE-576)20912377X |a Strafvollzug |2 gnd |
| 689 | 2 | |5 (DE-627) | |
| 751 | |a Frankfurt am Main |0 (DE-588)4018118-2 |0 (DE-627)106327356 |0 (DE-576)208922695 |4 uvp | ||
| 830 | 0 | |a Europäische Hochschulschriften |n Reihe 2 |p Rechtswissenschaft |v 1254 |9 1254 |w (DE-627)130134236 |w (DE-576)015671542 |w (DE-600)510544-4 |x 0531-7312 |7 am | |
| 856 | 4 | 2 | |u http://www.gbv.de/dms/spk/sbb/toc/271843799.pdf |m V:DE-601 |m B:DE-1 |q pdf/application |x Verlag |y Inhaltsverzeichnis |3 Inhaltsverzeichnis |7 1 |
| 935 | |i Blocktest | ||
| 936 | r | v | |a PH 5320 |b Sonstige Einzelfragen |k Rechtswissenschaft |k Strafrecht, Strafverfahrensrecht, Kriminologie |k Strafvollzug |k Sonstige Einzelfragen |0 (DE-627)127167503X |0 (DE-625)rvk/136201: |0 (DE-576)20167503X |
| 936 | b | k | |a 86.37 |j Strafvollzug |0 (DE-627)106413546 |
| 936 | b | k | |a 44.14 |j Gesundheitsvorsorge |0 (DE-627)106409042 |
| 951 | |a BO | ||
| ELC | |b 1 | ||
| LOK | |0 000 xxxxxcx a22 zn 4500 | ||
| LOK | |0 001 3187428606 | ||
| LOK | |0 003 DE-627 | ||
| LOK | |0 004 271843799 | ||
| LOK | |0 005 20020607000000 | ||
| LOK | |0 008 930809||||||||||||||||ger||||||| | ||
| LOK | |0 040 |a DE-21-110 |c DE-627 |d DE-21-110 | ||
| LOK | |0 852 |a DE-21-110 | ||
| LOK | |0 852 1 |c F V 229 |m p |9 00 | ||
| LOK | |0 935 |a k110 | ||
| LOK | |0 936ln |a 12.3 | ||
| LOK | |0 938 |k p | ||
| LOK | |0 939 |a 09-08-93 |b l01 | ||
| ORI | |a SA-MARC-krimdoka001.raw | ||
| SIG | |a IFK: F V 229 | ||
